Olympique de Marseille en coupe d'Europe. - Statistiques

Statistiques générales
  • Ce quiz a été pris 1 406 fois
  • Le résultat moyen est 5 sur 15
Statistiques - réponses
Saison Elimination Adversaire % Correct
2022-2023 Phase de poule - Ligue des champions Tottenham Hotspur
86%
2017-2018 Finaliste - Ligue Europa Atlético de Madrid
79%
2021-2022 1/2 Finale Ligue - Europa Conférence Feyenoord Rotterdam
73%
2020-2021 Phase de poule - Ligue des champions Manchester City
55%
2013-2014 Phase de poule - Ligue des Champions Borussia Dortmund
38%
2011-2012 1/4 de Finale - Ligue des champions Bayern Munich
35%
2003-2004 Finale - Coupe UEFA Valence FC
34%
2015-2016 1/16 Finale - Ligue Europa Athletic Bilbao
28%
2018-2019 Phase de poule - Ligue Europa Eintracht Francfort
20%
2010-2011 1/8 de Finale - Ligue des champions Manchester United
16%
2009-2010 1/8 de Finale - Ligue Europa Benfica
6%
2012-2013 Phase de poule - Ligue Europa Fenerbahçe
4%
2007-2008 1/8 de Finale - Coupe UEFA Zénith Saint-Pétersbourg
4%
2005-2006 1/8 de Finale - Coupe UEFA Zénith Saint-Pétersbourg
2%
2008-2009 1/4 de Finale - Coupe UEFA Chakhtior Donetsk
1%
Aucun quiz correspondant
Distribution des résultats
% des personnes avec chaque résultat
Percentile par nombre de réponses
Votre historique - résultats
Vous n’avez pas pris ce quiz